[Event "18th Caspian Cup-A 2020"]
[Site "Rasht"]
[Date "2020.02.14"]
[Round "1.1"]
[White "Iskandarov, Misratdin"]
[Black "Ahmadian, Moharram"]
[Result "1-0"]
[WhiteElo "2520"]
[BlackElo "1873"]
[Annotator "TA"]
[PlyCount "85"]
[EventDate "2020.02.14"]
[EventType "swiss"]
[EventCountry "IRI"]
[SourceTitle "playchess.com"]
[Source "ChessBase"]
[SourceQuality "1"]

{[%evp 13,85,45,52,34,29,31,29,17,41,30,27,34,47,43,79,79,73,24,31,16,17,0,26,3,42,44,74,65,70,52,80,37,79,68,93,7,105,50,161,161,161,166,166,166,160,151,174,160,162,160,160,160,162,151,151,151,151,136,159,161,168,135,150,153,145,148,187,143,217,210,239,231,272,230]} 1. e4 c6 2. Nc3 d5 3. Nf3 Bg4 4. h3 Bxf3 5. Qxf3 dxe4 6. Nxe4 Nd7 7. d4 Ngf6 8. Bd3 {B11: Caro-Kann: Two Knights Variation.} Nxe4 9. Qxe4 Nf6 10. Qe5 {[#] White has an edge.} (10. Qf4 {is interesting.} e6 11. O-O Bd6 12. Qf3 O-O 13. c3) 10... Qd6 $146 ({Predecessor:} 10... e6 11. O-O Bd6 12. Qe2 O-O 13. c3 c5 14. dxc5 Bxc5 15. Bg5 Be7 16. Qe3 Rc8 17. Bxf6 Bxf6 {1-0 (23) Megier,W-Markus,R CServe email 1992}) 11. O-O Qxe5 12. dxe5 Nd5 13. c4 Nc7 14. Be3 e6 15. Rfd1 Na6 $1 16. Bc2 Bc5 17. Bf4 Rd8 18. a3 Be7 19. b4 $36 {[%mdl 2048] White has some pressure.} O-O 20. Be3 b6 21. Be4 Nb8 22. Kf1 Rxd1+ 23. Rxd1 Rd8 24. Rc1 ({White should try} 24. Rxd8+ $16 Bxd8 25. c5) 24... g6 (24... c5 $1 $11) 25. Ke2 ({Better is} 25. c5 $16) 25... Kf8 (25... c5 $14) 26. c5 $18 b5 27. a4 bxa4 28. Ra1 Rd7 29. Rxa4 Rb7 30. Kd3 Ke8 31. Kc4 Kd8 32. Ra3 a6 33. Bd4 Bg5 34. Rd3 {[#] Threatens to win with Be3+.} Kc8 35. g3 Rd7 36. f4 Bd8 37. g4 Rb7 38. Bc3 Rd7 39. Rf3 Re7 40. h4 Re8 (40... Rd7 $16 41. Bd3 Ra7) 41. h5 Re7 42. f5 exf5 43. gxf5 {Accuracy: White = 76%, Black = 63%.} 1-0

[Event "18th Caspian Cup-A 2020"]
[Site "Rasht"]
[Date "2020.02.14"]
[Round "1.2"]
[White "Baghaei, Mehrad"]
[Black "Mosadeghpour, Masoud"]
[Result "0-1"]
[WhiteElo "1870"]
[BlackElo "2499"]
[Annotator "TA"]
[PlyCount "57"]
[EventDate "2020.02.14"]
[EventType "swiss"]
[EventCountry "IRI"]
[SourceTitle "playchess.com"]
[Source "ChessBase"]
[SourceQuality "1"]

{[%evp 11,57,0,0,0,0,-10,10,15,15,23,18,0,0,0,0,0,0,-4,-20,-4,-16,-12,0,0,0,0,0,-26,-25,-9,-15,-27,-26,-26,-26,-26,-20,-12,-22,-44,-31,-22,-14,-25,-37,-77,-31,-34]} 1. c4 e5 2. Nc3 Nf6 3. Nf3 Nc6 4. e3 Bb4 5. Qc2 Bxc3 6. bxc3 O-O {6...0-0 scores better than 6...d6.} 7. e4 {A28: English Opening: Four Knights Variation.} d6 8. d3 a6 {[#]} 9. Be2 $146 {The position is equal.} ({Predecessor:} 9. Rb1 Rb8 10. a4 b6 11. g3 Bd7 12. Bg2 Na5 13. O-O Qe8 14. Ra1 Bc6 15. Nd2 {0-1 (70) Varga,K (2242)-Mosadeghpour,M (2520) Mumbai 2019}) 9... b5 10. cxb5 axb5 11. O-O b4 12. Bd2 bxc3 13. Bxc3 Re8 14. d4 exd4 15. Nxd4 Nxd4 16. Bxd4 c5 17. Bxf6 Qxf6 18. Bb5 Re7 19. Bc6 Bb7 20. Bxb7 Rxb7 21. Rab1 Rba7 22. a4 Qe7 23. Ra1 Qe8 {[%cal Ra7a4]} 24. Qd2 Qd8 25. Qd1 Qd7 {[%cal Ra7a4]} 26. Qd5 Qe6 {Hoping for ...Qxd5.} 27. Qc6 Ra6 28. Qb7 Qe8 29. Qd5 {Accuracy: White = 94%, Black = 93%.} 0-1

[Event "18th Caspian Cup-A 2020"]
[Site "Rasht"]
[Date "2020.02.14"]
[Round "1.3"]
[White "Pourramezanali, Amirreza"]
[Black "Khalili, Asef"]
[Result "1-0"]
[WhiteElo "2497"]
[BlackElo "1870"]
[Annotator "TA"]
[PlyCount "49"]
[EventDate "2020.02.14"]
[EventType "swiss"]
[EventCountry "IRI"]
[SourceTitle "playchess.com"]
[Source "ChessBase"]
[SourceQuality "1"]

{[%evp 13,49,0,37,36,47,45,36,44,35,34,36,34,29,21,48,44,43,55,112,122,124,122,179,177,191,165,164,129,119,119,125,125,129,125,256,290,266,241]} 1. e4 c6 2. Nf3 d5 3. Nc3 Bg4 4. h3 Bxf3 5. Qxf3 e6 6. g3 Nf6 7. Bg2 dxe4 8. Nxe4 {B11: Caro-Kann: Two Knights Variation.} Nxe4 9. Qxe4 Qd5 10. O-O {White is slightly better.} (10. d4 {seems wilder.} h5 11. O-O Qxe4 12. Bxe4 g6 13. Bg2) 10... Qxe4 11. Bxe4 Nd7 12. b4 Nf6 {[#]} 13. Bg2 $146 ({Predecessor:} 13. Bf3 O-O-O 14. Rb1 Nd5 15. a3 Be7 16. Rb3 Rd7 17. d3 Bf6 18. Bd2 h6 19. Rfb1 {½-½ (40) Kurmann,O (2467)-Zujev,O (2363) Switzerland 2018}) 13... Nd5 14. Rb1 b5 15. d3 O-O-O (15... Rc8 $14) 16. Bd2 $16 Kc7 17. c4 Nf6 (17... Nb6 $16) 18. Rfd1 $18 Bd6 19. Rbc1 Kd7 20. cxb5 cxb5 21. Bc6+ Ke7 22. Bxb5 Rb8 23. Ba4 Bxb4 (23... Rhd8 $16) 24. Rc7+ Kd6 25. Rxf7 {Accuracy: White = 93%, Black = 67%.} 1-0

[Event "18th Caspian Cup-A 2020"]
[Site "Rasht"]
[Date "2020.02.14"]
[Round "1.4"]
[White "Rostami, Hossein"]
[Black "Evdokimov, Alexander A."]
[Result "1/2-1/2"]
[WhiteElo "1870"]
[BlackElo "2490"]
[Annotator "TA"]
[PlyCount "80"]
[EventDate "2020.02.14"]
[EventType "swiss"]
[EventCountry "IRI"]
[SourceTitle "playchess.com"]
[Source "ChessBase"]
[SourceQuality "1"]

{[%evp 13,80,-5,0,0,7,-14,-16,-21,-18,-34,-20,-38,-23,-37,-16,-57,-57,-68,-63,-90,-93,-97,-104,-129,-129,-130,-98,-141,-98,-84,-93,-168,-89,-203,-117,-69,-66,-81,0,0,46,46,46,46,46,46,46,46,55,0,0,0,0,0,0,0,0,0,1,0,0,0,4,0,0,0,0,0,0]} 1. e4 c5 2. Nf3 e6 3. d3 d5 4. Qe2 Nf6 5. g3 Nc6 6. Bg2 Be7 7. O-O b6 8. Re1 {C00: French: Unusual White 2nd moves.} Bb7 9. e5 Nd7 $1 10. c4 {Hoping for cxd5.} d4 11. h4 $1 h6 12. h5 Qc7 $36 {[%mdl 2048] White is under pressure.} 13. Bf4 Nf8 14. g4 g6 15. Nbd2 O-O-O {[#]} 16. a3 $146 ({Predecessor:} 16. Ne4 gxh5 17. gxh5 Rg8 18. Ng3 Nh7 19. Bxh6 Ng5 20. Kh2 Nxf3+ 21. Bxf3 Bg5 22. Bxg5 Rxg5 {0-1 (28) Vrencian,L (2188)-Ifrim,S (2128) Calimanesti 2014}) 16... gxh5 17. gxh5 Rg8 18. Bg3 Nd7 19. Kh2 Rg4 20. Bh3 Rg7 21. Rg1 Rdg8 22. Bf4 (22. Rae1 $17) 22... f5 (22... Bg5 $1 $19 {[%cal Rg5f4]} 23. Bg3 Bxd2 24. Nxd2 Ncxe5) 23. Bxh6 {[#]} (23. Rxg7 $17 Rxg7 24. Rh1) 23... Ncxe5 $1 {[%mdl 512]} 24. Nxe5 $17 Nxe5 {[%csl Gf5,Gg7,Gg8][%cal Re5g4]} 25. f4 {[#]} Rxg1 (25... Ng4+ $1 $17 26. Bxg4 fxg4) 26. Rxg1 $11 Rxg1 (26... Rh8 {is interesting.} 27. Bg7 Nxd3 28. Bxh8 Qxf4+ 29. Rg3 Qxg3+ 30. Kxg3 Bd6+) 27. Kxg1 Qc6 {( -> ...Qh1+)} 28. Bg2 Qxg2+ 29. Qxg2 Bxg2 30. fxe5 $14 {[%mdl 4096] Endgame KBB-KBN} Bc6 31. Bg7 (31. Bf4 $14) 31... Be8 $1 $11 {[%cal Re8h5] The position is equal.} 32. h6 Bg6 33. Bf6 Bf8 $1 {[%cal Rf8h6]} 34. Bg7 Be7 35. Bf6 Bf8 $1 {[%cal Rf8h6]} 36. Bg7 Be7 37. Bf6 Bf8 $1 {[%cal Rf8h6]} 38. Bg7 Be7 39. Bf6 Bf8 $1 {[%cal Rf8h6]} 40. Bg7 Be7 {Accuracy: White = 67%, Black = 74%.} 1/2-1/2

[Event "18th Caspian Cup-A 2020"]
[Site "Rasht"]
[Date "2020.02.14"]
[Round "1.5"]
[White "Babujian, Levon"]
[Black "Alaei, Armin"]
[Result "1-0"]
[WhiteElo "2487"]
[BlackElo "1868"]
[Annotator "TA"]
[PlyCount "73"]
[EventDate "2020.02.14"]
[EventType "swiss"]
[EventCountry "IRI"]
[SourceTitle "playchess.com"]
[Source "ChessBase"]
[SourceQuality "1"]

{[%evp 17,91,15,34,26,56,46,52,49,46,44,54,54,77,67,88,72,70,76,76,66,77,77,80,34,54,30,35,35,37,37,33,23,39,26,79,50,76,87,155,60,53,51,52,47,174,174,148,162,112,0,432,430,1191,1147,931,424,634,480,473,463,423,364,528,528,528,528,528,517,517,460,728,705,805,725,602,570]} 1. d4 Nf6 2. c4 g6 3. Nc3 Bg7 4. e4 d6 5. Nf3 O-O 6. h3 e5 7. d5 a5 8. g4 Na6 9. Bg5 Qe8 {9...Qe8 scores better than 9...Nc5.} 10. Nd2 {E90: King's Indian: Classical: Early deviations and 6 h3.} Bd7 11. Qf3 Qe7 12. Qe3 {[#] White is slightly better.} Rfc8 $146 ({Predecessor:} 12... Rfb8 13. Be2 c6 14. Rc1 Nc7 15. a4 Qf8 16. Qf3 Nfe8 17. Bd3 Na6 18. Nf1 Nb4 {0-1 (42) Fominykh,M (2313)-Severiukhina,Z (2341) St Petersburg 2010}) 13. Be2 Qf8 14. Qf3 Ne8 15. h4 c6 16. h5 h6 17. Be3 g5 18. O-O Nf6 19. Qg2 cxd5 20. exd5 Nc5 21. Rfe1 a4 22. Bxc5 Rxc5 23. Nde4 Nxe4 24. Nxe4 Rcc8 25. Rac1 Qe7 (25... b6 $11 {keeps the balance.}) 26. Bd3 f5 27. gxf5 Bxf5 {[#]} (27... b6 $142) 28. Re3 (28. Nxd6 $1 $16 {[%mdl 512]} Qxd6 29. Bxf5) 28... Rf8 $14 29. c5 $1 dxc5 30. d6 Qd7 (30... Qd8 $14) 31. Rxc5 $18 Rac8 32. Bb5 $36 {[%mdl 2048] Keeping Black busy.} Qd8 33. d7 ({Much weaker is} 33. Bxa4 $6 Rxc5 34. Bb3+ Kh8 $11) (33. Rxc8 $16 Qxc8 34. Rc3 (34. Bxa4 Kh8 $16)) 33... Rxc5 $4 {[%mdl 8192]} (33... Bxd7 $11 {and Black has nothing to worry.} 34. Rd3 Qb6 {[%mdl 64] Double Attack}) 34. Nxc5 {[%mdl 64] Discovered Attack} Qb6 (34... Kh8 $142 35. Qd5 (35. Bxa4 e4 $18) 35... Bg4 36. Nxb7 (36. Qxb7 Qa5 $18) 36... Qf6) 35. Qd5+ Kh8 36. Nxb7 (36. Rf3 $142 {Hoping for Rxf5!} Qxb5 {[#]} 37. Rxf5 $1 {[%mdl 576] Deflection, Promotion} Rxf5 38. d8=Q+ Rf8 39. Ne6 $3 {[%mdl 576] Discovered Attack} Qxd5 40. Qxd5) 36... Bf6 {[#]} (36... Bxd7 $142 37. Bxd7 Qd4 38. Qxd4 exd4) 37. Nd6 {Played: Qd5-d6} 1-0

[Event "18th Caspian Cup-A 2020"]
[Site "Rasht"]
[Date "2020.02.14"]
[Round "1.6"]
[White "Akhasteh, Abbas"]
[Black "Rasulov, Vugar"]
[Result "0-1"]
[WhiteElo "1867"]
[BlackElo "2476"]
[Annotator "TA"]
[PlyCount "38"]
[EventDate "2020.02.14"]
[EventType "swiss"]
[EventCountry "IRI"]
[SourceTitle "playchess.com"]
[Source "ChessBase"]
[SourceQuality "1"]

{[%evp 9,55,-18,-27,-34,-12,-14,-11,-49,-45,-72,-44,-35,-50,-49,-44,-63,-43,-56,-46,-108,-121,-114,-108,-206,-99,-79,-93,-122,-118,-108,-111,-127,-102,-116,-49,-49,-39,-39,-60,-184,-161,-196,-176,-303,-318,-316,-302,-316]} 1. f4 b6 2. Nf3 Bb7 3. e3 g6 4. c4 c5 5. Nc3 Bg7 {[#]} 6. b3 $146 {A02: Bird's Opening.} ({Predecessor:} 6. Be2 Nf6 7. O-O O-O 8. d3 d5 9. Qe1 e6 10. Bd2 Nc6 11. cxd5 Nxd5 12. Rd1 {0-1 (32) Lie,K (2495)-Kulaots,K (2572) Gausdal 2005}) 6... Nf6 7. Bb2 O-O 8. Qc2 {The position is equal.} e6 9. Bd3 Nc6 (9... Bxf3 $5 10. gxf3 Nc6 $15) 10. a3 d5 11. Ne2 dxc4 12. bxc4 Qd7 13. Ng3 Rad8 {[%cal Ba8d8,Bd8d3,Bd3b3][%mdl 32]} 14. Be4 ({White should try} 14. Be2 $15) 14... Nxe4 $17 15. Nxe4 {intending Nf6+.} f6 $36 {[%mdl 2048] Black has strong initiative.} 16. h4 {[#]} (16. O-O $17) 16... Qd3 (16... Na5 $1 $19 {and Black stays clearly on top.} 17. Rc1 h5) 17. Qxd3 Rxd3 18. Ke2 Rb3 19. Bc3 f5 {Played: Bb7-a6} 0-1

[Event "18th Caspian Cup-A 2020"]
[Site "Rasht"]
[Date "2020.02.14"]
[Round "1.7"]
[White "Quparadze, Giga"]
[Black "Maghsoudloo, Amir Ali"]
[Result "1-0"]
[WhiteElo "2462"]
[BlackElo "1867"]
[Annotator "TA"]
[PlyCount "49"]
[EventDate "2020.02.14"]
[EventType "swiss"]
[EventCountry "IRI"]
[SourceTitle "playchess.com"]
[Source "ChessBase"]
[SourceQuality "1"]

{[%evp 14,49,23,27,25,32,47,67,41,49,52,41,82,65,69,68,96,96,96,89,121,121,116,111,109,109,129,116,126,118,141,121,166,151,239,239,231,223]} 1. e4 c6 2. d4 d5 3. Nc3 dxe4 4. Nxe4 Nf6 5. Nxf6+ exf6 6. c3 Bd6 7. Bd3 O-O 8. Qc2 Re8+ {B15: Caro-Kann: 3 Nc3: 3...g6 and 3...dxe4 4 Nxe4 Nf6 5 Nxf6+ exf6.} 9. Ne2 h5 {9...h5 is better than 9...h6.} 10. O-O Qc7 {White is slightly better.} 11. h3 Nd7 {[#]} 12. Ng3 $1 {[%mdl 512] [#]} h4 $146 (12... Bxg3 13. fxg3) ({Predecessor:} 12... Bxg3 13. fxg3 Nf8 14. Bf4 Qd8 15. Rad1 Be6 16. Kh2 Ng6 17. Bxg6 fxg6 18. Qxg6 Bxa2 19. Qxh5 {½-½ (34) Mazur,S (2435)-Bartel,M (2635) Czech Republic 2020}) 13. Nf5 Nb6 14. Nxh4 Nd5 15. Bh7+ Kh8 {next ...g6 is good for Black.} 16. Bf5 Nf4 17. Bxf4 Bxf4 18. Rae1 {[%cal Re1e8] [#]} Bxf5 19. Qxf5 $40 {[%mdl 128] White wants a kill.} Bd2 20. Rxe8+ Rxe8 21. g3 Bh6 22. Qf3 Qd7 23. Nf5 {White is clearly better.} Qd5 (23... Qe6 $16 {is a better defense.} 24. Qh5 Kg8) 24. Qxd5 $18 cxd5 25. Rb1 {Accuracy: White = 100%, Black = 60%.} 1-0

[Event "18th Caspian Cup-A 2020"]
[Site "Rasht"]
[Date "2020.02.14"]
[Round "1.8"]
[White "Dolati, Artin"]
[Black "Tahbaz, Arash"]
[Result "0-1"]
[WhiteElo "1866"]
[BlackElo "2461"]
[Annotator "TA"]
[PlyCount "30"]
[EventDate "2020.02.14"]
[EventType "swiss"]
[EventCountry "IRI"]
[SourceTitle "playchess.com"]
[Source "ChessBase"]
[SourceQuality "1"]

{[%evp 9,30,2,12,9,12,12,44,23,33,-7,0,-1,-3,-15,-10,-41,-8,-22,0,0,0,0,1]} 1. c4 c5 2. Nc3 g6 3. g3 Nc6 4. Bg2 Bg7 5. e3 h5 6. Nf3 {A36: Symmetrical English vs ...g6: 4 Bg2 Bg7.} d6 {[#]} 7. b3 $146 ({Predecessor:} 7. h3 e5 8. d3 Nge7 9. Rb1 O-O 10. O-O f6 11. a3 Be6 12. b4 b6 13. Nh4 g5 {0-1 (31) Steindorsson,S (2215)-Gledura,B (2385) Reykjavik 2014}) 7... Bf5 8. d4 {White is slightly better.} Bg4 9. Ne2 h4 {[#] aiming for ...h3.} 10. Nxh4 cxd4 {...Bxe2 is the strong threat.} 11. Bxc6+ $1 bxc6 {[%cal Bb7c6,Bc6c5][%mdl 32]} 12. exd4 Qa5+ 13. Qd2 {The position is equal.} Qxd2+ 14. Bxd2 Bxe2 15. Kxe2 c5 {[%mdl 32768] Accuracy: White = 86%, Black = 76%. . Loss on time!?} 0-1

[Event "18th Caspian Cup-A 2020"]
[Site "Rasht"]
[Date "2020.02.15"]
[Round "2.1"]
[White "Kardo Ako, Mohammad"]
[Black "Iskandarov, Misratdin"]
[Result "0-1"]
[WhiteElo "2020"]
[BlackElo "2520"]
[Annotator "TA"]
[PlyCount "70"]
[EventDate "2020.02.14"]
[EventType "swiss"]
[EventCountry "IRI"]
[SourceTitle "playchess.com"]
[Source "ChessBase"]
[SourceQuality "1"]

{[%evp 16,70,25,14,27,29,45,28,20,0,0,0,0,-8,-12,-100,-103,-96,-93,-141,-141,-150,-150,-157,-149,-148,-141,-142,-152,-156,-131,-188,-195,-213,-218,-284,-294,-285,-268,-278,-288,-275,-262,-302,-284,-509,-494,-433,-485,-478,-475,-904,-859,-858,-806,-1054,-784]} 1. d4 Nf6 2. Nf3 g6 3. c4 Bg7 4. Nc3 d5 5. cxd5 Nxd5 6. e4 Nxc3 7. bxc3 c5 8. Be3 {is recently more successful than 8.Rb1.} O-O 9. Qd2 Nd7 {D85: Exchange Grünfeld: Unusual White 7th moves and lines with 7 Nf3.} 10. Bd3 Nf6 11. h3 {[#]} b6 $146 {White has an edge.} ({Predecessor:} 11... cxd4 12. cxd4 b6 13. O-O Bb7 14. d5 e6 15. dxe6 fxe6 16. Ng5 Qe7 17. Rac1 Rad8 {0-1 (42) Levar,N (2181)-Dragojlovic,A (2409) Crikvenica 2007}) 12. Rd1 Bb7 13. d5 c4 14. Bb1 e6 15. Bg5 (15. dxe6 $11 Qxd2+ 16. Nxd2) 15... exd5 $17 16. e5 {Black must now prevent 0-0.} Qe8 17. O-O {[#]} Ne4 $1 {[%cal Re4d2]} 18. Qe3 Nxg5 19. Qxg5 f6 20. exf6 Bxf6 21. Qd2 Qf7 22. Nd4 Rae8 23. a4 (23. f4 $17 {might work better.}) 23... Be5 $19 24. Rfe1 Qf6 25. Re2 Bxd4 26. cxd4 Bc6 27. Bc2 Rxe2 28. Qxe2 Re8 29. Qg4 Kg7 30. h4 $2 {[#]} (30. Kf1 {was called for.}) 30... h5 {Black is clearly winning.} 31. Qg3 Re2 32. Rc1 Be8 33. Bd1 (33. Kf1 $142 Rd2 34. Qe3 Qxd4 35. Qxd4+ Rxd4 36. Re1) 33... Re1+ 34. Kh2 Qxd4 35. Qc7+ Bf7 {Accuracy: White = 47%, Black = 92%.} 0-1

[Event "18th Caspian Cup-A 2020"]
[Site "Rasht"]
[Date "2020.02.15"]
[Round "2.2"]
[White "Mosadeghpour, Masoud"]
[Black "Asadi, Atabak"]
[Result "1-0"]
[WhiteElo "2499"]
[BlackElo "2013"]
[Annotator "TA"]
[PlyCount "53"]
[EventDate "2020.02.14"]
[EventType "swiss"]
[EventCountry "IRI"]
[SourceTitle "playchess.com"]
[Source "ChessBase"]
[SourceQuality "1"]

{[%evp 24,53,40,32,61,67,56,71,61,58,62,68,60,72,77,82,111,106,266,262,258,259,274,255,353,360,852,803,29982,29984,29984,29985]} 1. e4 c5 2. Nf3 Nc6 3. d4 cxd4 4. c3 d5 5. exd5 Qxd5 6. cxd4 e5 7. Nc3 Bb4 8. Bd2 Bxc3 9. Bxc3 e4 10. Ne5 Nxe5 11. dxe5 Ne7 12. Qe2 O-O 13. Rd1 Qxa2 {B22: Sicilian: 2 c3.} 14. Bb4 $1 {14.Bb4 is better than 14.Qxe4.} Qe6 15. Qxe4 {And now Bd3 would win.} Re8 {White is better.} 16. Bb5 $1 {[%cal Rb5e8]} Nc6 17. O-O Bd7 18. Bc3 $36 {[%mdl 2048] Black is under strong pressure.} a6 19. Bd3 g6 20. f4 {[#] Strongly threatening f5!} b5 $146 {[#]} (20... Ne7 $16) ({Predecessor:} 20... Qe7 21. Qe3 Bg4 22. Rde1 Qe6 23. h3 Bf5 24. Bxf5 gxf5 25. g4 Ne7 26. Qg3 Qg6 {1-0 (38) Suchan,R (2190)-Warszawski,B (2145) Brzeg Dolny 1995}) 21. f5 $1 $18 {[%cal Rf5e6]} gxf5 22. Qh4 ({Weaker is} 22. Qxf5 Qxf5 23. Bxf5 Bxf5 $11) 22... Ne7 23. Rf3 {Black must now prevent Rh3.} Ng6 24. Qh6 Qb6+ $2 {[#]} (24... Red8 25. Bxf5 Qb6+ 26. Bd4 Bxf5 27. Bxb6 Rxd1+ 28. Kf2 Be6) 25. Kh1 b4 26. e6 {[%csl Gc3][%cal Rh6g7]} bxc3 27. exf7+ {Accuracy: White = 100%, Black = 37%.} 1-0

[Event "18th Caspian Cup-A 2020"]
[Site "Rasht"]
[Date "2020.02.15"]
[Round "2.3"]
[White "Shirpoor, Ramin"]
[Black "Pourramezanali, Amirreza"]
[Result "0-1"]
[WhiteElo "2012"]
[BlackElo "2497"]
[Annotator "TA"]
[PlyCount "64"]
[EventDate "2020.02.14"]
[EventType "swiss"]
[EventCountry "IRI"]
[SourceTitle "playchess.com"]
[Source "ChessBase"]
[SourceQuality "1"]

{[%evp 9,64,-12,-6,-20,-22,-38,-5,-41,-37,-42,-14,-35,-34,-24,-26,-18,43,0,0,-16,58,53,48,41,57,44,30,42,57,72,46,29,66,62,66,0,73,32,70,-58,-60,-43,-57,-94,-46,-281,-281,-277,-261,-378,-221,-239,-245,-235,-241,-741,-471]} 1. d4 d5 2. Bf4 c5 3. e3 Nc6 4. Nc3 cxd4 5. exd4 Bf5 6. Nf3 {B13: Caro-Kann: Exchange Variation and Panov-Botvinnik Attack.} e6 7. Ne5 Bb4 {[#]} 8. g4 $146 {The position is equal.} ({Predecessor:} 8. a3 Bd6 9. Be2 Nge7 10. Qd2 f6 11. Nxc6 Nxc6 12. Nb5 Bxf4 13. Qxf4 O-O 14. Rc1 {0-1 (56) Nguyen,T (2321)-Guo,Q (2394) Ashkhabad 2017}) 8... Bg6 9. h4 Qa5 10. Rh3 {aiming for h5.} Nxe5 11. Bxe5 f6 12. Bf4 Ne7 (12... h5 $11) 13. a3 (13. h5 $14 Bf7 14. a3 Bxc3+ 15. Rxc3) 13... Bxc3+ $1 $11 14. Rxc3 O-O ({Better is} 14... Rc8 $11) 15. h5 $14 Bf7 16. Qd2 Nc6 17. O-O-O e5 18. Be3 Rfe8 19. f3 Rad8 20. Kb1 Qb6 21. Rb3 Qc7 22. Rc3 (22. h6 $14) 22... Qd6 (22... Qb6 $11 23. Bg1 h6) 23. Bb5 Rc8 24. g5 ({White should try} 24. h6 $14) 24... fxg5 $1 $15 ({Much weaker is} 24... Bxh5 25. dxe5 fxe5 26. Bc5 $14 (26. Qxd5+ Qxd5 27. Rxd5 Bxf3 $11)) 25. dxe5 Qxe5 {Hoping for ...d4!} 26. Bxc6 bxc6 {[%cal Bb7c6,Bc6c5][%mdl 32]} 27. Bxg5 $2 {[#]} (27. Bxa7 $15 Bxh5 28. Bd4) 27... d4 $1 $19 {[%cal Rd4c3]} ({Weaker is} 27... Bxh5 28. Be3 $15) 28. Rd3 c5 ({Worse is} 28... Bxh5 29. Rxd4 Bxf3 30. Rg1 $11) 29. Rg1 (29. Qg2 {was worth a try.}) 29... Bxh5 $40 {[%mdl 128] Black is out for blood.} (29... Qe6 $142 30. b3 Bxh5) 30. f4 Qe6 31. Rdg3 Bf7 {[#] ( -> ...Qa2+)} 32. Qf2 $2 (32. Kc1) 32... Qa2+ {Accuracy: White = 48%, Black = 58%.} 0-1

[Event "18th Caspian Cup-A 2020"]
[Site "Rasht"]
[Date "2020.02.15"]
[Round "2.4"]
[White "Mohammadi, Pouya"]
[Black "Babujian, Levon"]
[Result "0-1"]
[WhiteElo "2000"]
[BlackElo "2487"]
[Annotator "TA"]
[PlyCount "97"]
[EventDate "2020.02.14"]
[EventType "swiss"]
[EventCountry "IRI"]
[SourceTitle "playchess.com"]
[Source "ChessBase"]
[SourceQuality "1"]

{[%evp 13,97,12,33,20,36,-31,-44,-72,-70,-67,-64,-77,-14,-47,-44,-44,-44,-44,-44,-43,-43,-72,-76,-108,-96,-116,-96,-159,-150,-164,-163,-171,-157,-199,-194,-195,-197,-196,-202,-196,-189,-198,-202,-200,-196,-167,-188,-296,-252,-704,-362,-333,-353,-368,-364,-351,-332,-445,-425,-400,-395,-516,-253,-252,-241,-368,-365,-374,-325,-243,-243,-729,-725,-639,-634,-1512,-1509,-4631,-2778,-29982,-29983,-29983,-29984,-29985,-29986,-29986]} 1. d4 Nf6 2. c4 g6 3. Nc3 d5 4. Nf3 Bg7 5. Qb3 dxc4 6. Qxc4 O-O 7. e4 Nfd7 8. Bf4 {D97: Grünfeld: Russian System: 7 e4, replies other than 7...Bg4.} Nc6 9. Nd5 (9. O-O-O $14) 9... Nb6 $15 {[#]} 10. Bxc7 $146 {Black is slightly better.} ({Predecessor:} 10. Nxb6 cxb6 11. Rd1 Bg4 12. d5 Bxf3 13. gxf3 Ne5 14. Qb3 Qd6 15. Bg3 g5 16. h4 {1-0 (62) Thorstensen,T (2250)-Ekeberg,C (2274) Oslo 2011}) 10... Nxc4 11. Bxd8 Rxd8 12. Bxc4 e6 (12... Bg4 $17 {next ...e6 is good for Black.} 13. Ne5 Nxe5 14. dxe5 Bxe5) 13. Nc3 (13. Nc7 $5 {[%cal Rc7a8]} Rb8 14. d5 exd5 15. Nxd5 $11) 13... Nxd4 14. O-O-O a6 $36 {[%mdl 2048] Black fights for an advantage.} 15. e5 Nc6 16. Rxd8+ Nxd8 17. Rd1 Nc6 18. Ne4 Kf8 19. Be2 Ke7 20. Nc5 (20. Nd6 $142) 20... Nxe5 $17 21. Nd4 b6 {[%cal Bb7b6,Bb6b5][%mdl 32]} 22. Na4 b5 23. Nc5 {[#]} Ra7 $1 24. Kb1 Rc7 25. b4 Nd7 26. Ndb3 Nb6 {Strongly threatening ...Nd5.} 27. Bf3 Nc4 28. Nd4 Bxd4 29. Rxd4 a5 30. Be2 (30. Rd1 {was necessary.}) 30... axb4 31. Nd3 $2 (31. Bxc4 e5 32. Rh4) 31... e5 32. Rd5 Bf5 {aiming for ...Be4.} 33. Ka1 Bxd3 34. Bxd3 Rd7 35. Bxc4 bxc4 36. Rxe5+ $19 {[%mdl 4096] Endgame KR-KR} Kf6 37. Re2 h5 (37... c3 $142 {[%cal Rd7d1]} 38. Kb1 Rd1+ 39. Kc2 Ra1) 38. Kb2 Kf5 39. f3 (39. Kc1 {keeps fighting.}) 39... g5 40. Kc2 h4 41. Re4 Ra7 42. Kb1 $2 (42. g4+ hxg3 43. hxg3 Rxa2+ 44. Kb1) 42... b3 43. axb3 cxb3 44. g3 {[#]} h3 $1 45. Re2 {[#]} Ra2 $1 {[%mdl 512]} 46. Rxa2 bxa2+ {Black mates.} 47. Kxa2 g4 48. f4 Ke4 49. Kb3 {Accuracy: White = 35%, Black = 81%.} 0-1